ESSENTIALS PSYCHOLOGY FOR BSC NURSING STUDENTS (Record no. 21922)

MARC details
000 -LEADER
fixed length control field 00344nam a22001457a 4500
003 - CONTROL NUMBER IDENTIFIER
control field SGT
020 ## - INTERNATIONAL STANDARD BOOK NUMBER
International Standard Book Number 9788123927114
082 ## - DEWEY DECIMAL CLASSIFICATION NUMBER
Classification number 150
Item number E17G
100 ## - MAIN ENTRY--PERSONAL NAME
Personal name GOWDA, KRISHNE
245 ## - TITLE STATEMENT
Title ESSENTIALS PSYCHOLOGY FOR BSC NURSING STUDENTS
260 ## - PUBLICATION, DISTRIBUTION, ETC. (IMPRINT)
Place of publication, distribution, etc INDIA
Name of publisher, distributor, etc CBS PUB
Year of Publication 2017
300 ## - PAGE DESCRIPTION
No. of Pages 346
650 ## - SUBJECT ADDED ENTRY--TOPICAL TERM
Topical term or geographic name as entry element PSYCHOLOGY NURSING
942 ## - ADDED ENTRY ELEMENTS (KOHA)
Source of classification or shelving scheme Dewey Decimal Classification
Koha item type Books
942 ## - ADDED ENTRY ELEMENTS (KOHA)
-- 64
Holdings
Withdrawn status Lost status Source of classification or shelving scheme Damaged status Not for loan Collection code Home library Current library Shelving location Date acquired Vendor Name Cost, normal purchase price SGTU Bill Number Total Checkouts Full call number Accession No. (Barcode) Date last seen Date last borrowed Bill Date Koha item type
    Dewey Decimal Classification     NURSING SGT Medical Library SGT Medical Library Text Book 04/10/2021 ABC DELHI 340.00 SGTU 13308 10 150 E17G FN4397 10/01/2026 25/12/2025   Books
    Dewey Decimal Classification     NURSING SGT Medical Library SGT Medical Library Text Book 04/10/2021 ABC DELHI 340.00 SGTU 13308 27 150 E17G FN4398 03/02/2026 12/01/2026   Books
    Dewey Decimal Classification     NURSING SGT Medical Library SGT Medical Library Text Book 04/10/2021 ABC DELHI 340.00 SGTU 13308 22 150 E17G FN4399 10/01/2026 02/01/2026   Books
    Dewey Decimal Classification     NURSING SGT Medical Library SGT Medical Library Text Book 04/10/2021 ABC DELHI 340.00 SGTU 13308 10 150 E17G FN4400 21/01/2026 25/12/2025   Books
    Dewey Decimal Classification     NURSING SGT Medical Library SGT Medical Library Text Book 04/10/2021 ABC DELHI 340.00 SGTU 13308 20 150 E17G FN4401 10/01/2026 23/12/2025   Books